000
00288nam a22001337a 4500
008
170619b xxu||||| |||| 00| 0 eng d
020
_a
9780743272230
041
_a
eng
080
_a
94
100
_a
18
101
_a
SHH
245
_a
STATE OF DENIAL
_c
WOODWARD.B
942
_2
udc
_c
BK
999
_c
18136
_d
18136